Receitas de ópera (Registo nº 38)
[ vista simples ]
| 000 -Etiqueta do registo | |
|---|---|
| Cabeçalho | 01025nam a2200277 4500 |
| 005 - Identificador da versão | |
| Campo de controlo | 20240813121753.0 |
| 010 ## - Número internacional normalizado dos livros (ISBN) | |
| Número (ISBN) | 9728494262 |
| 021 ## - Número do Depósito Legal | |
| Código do país | PT |
| Número | 200714/03 |
| 035 ## - Other System Control Numbers | |
| System Control Number | 0000041 |
| System Control Number | 0000041 |
| System Control Number | 0000041 |
| System Control Number | 0000041 |
| 100 ## - Dados gerais de processamento | |
| Dados gerais de processamento | d2003 m y50 |
| 102 ## - Pais de publicação ou produção | |
| País de publicação | Portugal |
| 101 0# - Língua de publicação | |
| Língua do texto, banda sonora, etc. | Português |
| Língua do documento no original | Português |
| 106 ## - Campo de dados codificados: material textual | |
| Dados codificados do material textual | r |
| 215 ## - Descrição física | |
| Indicação específica da natureza do documento e extensão da espécie | 95 p. |
| Outras indicações físicas | il. |
| 200 1# - Titulo e menção de responsabilidade | |
| Título próprio | Receitas de ópera |
| Primeira menção de responsabilidade | Diana Mendonça |
| Outras menções de responsabilidade | il. Alexandre Cortez Pinto |
| 225 2# - Colecção | |
| Título próprio da colecção | Literatura no estômago |
| 210 ## - Publicação, Distribuição, etc. | |
| Lugar da edição, distribuição, etc. | Lisboa |
| Nome do editor, distribuidor, etc. | 101 Noites |
| Data da publicação, distribuição, etc. | D.L. 2003 |
| 330 ## - Sumário ou Resumo | |
| Texto da nota | Se a literatura anda muitas vezes de mãos dadas com a gastronomia, a música, e em particular a ópera, é um dos mais perfeitos exemplos dessa aliança intemporal entre a arte e as questões da mesa. Quantas óperas não encenam verdadeiros festins e banquetes? Quantas receitas da mais requintada cozinha internacional não têm nomes inspirados no mundo da ópera? |
| 966 ## - Identificação da Biblioteca | |
| Sigla | NUMETECA |
| 942 ## - Elementos de entrada adicionados (Koha) | |
| Tipo de item no Koha | Livro |
| Situação do levantamento | Origin of item (home branch) (coded) | Biblioteca de empréstimo | Código de barras | Cota | Circulation type (not for loan) | Tipo de documento | Nota do exemplar | Damaged status |
|---|---|---|---|---|---|---|---|---|
| Biblioteca Escolar Eng. Nuno Mergulhão | Biblioteca Escolar Eng. Nuno Mergulhão | BENM880 | 78MUS MEN | Livro | Sem mensagem |
